Benchmark - nový fenomén, alebo nevyhnutnosť
Vymedzenie pojmu benchmarking. Finančné ukazovatele podľa OKEČ v elektronickej forme v internetovskej aplikácii Slovenskej ratingovej agentúry, a.s. v údajovej základni benchmarkovej aplikácie za roky 1994 -2002. Popis štruktúry a obsahu údajovej základne.
Gespeichert in:
| Format: | Buchkapitel |
|---|---|
| Sprache: | Slowakisch |
| Schlagworte: | |
| Tags: |
Keine Tags, Fügen Sie das erste Tag hinzu!
|
MARC
| LEADER | 00000naa$a2200000$$$4500 | ||
|---|---|---|---|
| 001 | 0019074 | ||
| 005 | 20231004123716.9 | ||
| 041 | 0 | |a slo | |
| 044 | |a SK | ||
| 245 | 1 | 0 | |a Benchmark - nový fenomén, alebo nevyhnutnosť |
| 520 | |a Vymedzenie pojmu benchmarking. Finančné ukazovatele podľa OKEČ v elektronickej forme v internetovskej aplikácii Slovenskej ratingovej agentúry, a.s. v údajovej základni benchmarkovej aplikácie za roky 1994 -2002. Popis štruktúry a obsahu údajovej základne. | ||
| 610 | 2 | 0 | |a benchmarking |
| 610 | 2 | 0 | |a prostredie podnikové |
| 610 | 2 | 0 | |a marketing strategický |
| 610 | 2 | 0 | |a manažment strategický |
| 610 | 2 | 0 | |a manažment finančný |
| 610 | 2 | 0 | |a ukazovatele finančné |